Vneočerednoj tretij s'ezd narodnych deputatov SSSR (Titelsatznr. 43659)
[ MARC ]
| 000 -Satzkennung | |
|---|---|
| Kontrollfeld mit fester Länge | 00555nam a22001691cc4500 |
| 001 - Kontrollnummer | |
| Kontrollfeld | a987661531+Band1 |
| 035 ## - Systemkontrollnummer | |
| System-Kontrollnummer | a987661531 |
| 008 - Feld mit fester Länge zur physischen Beschreibung - Allgemeine Angaben | |
| Kontrollfeld mit fester Länge | 170707s1990 gw |||| 000u rus d |
| 040 ## - Katalogisierungsquelle | |
| Übertragungsstelle | RU-10907106 |
| 003 - Kontrollnummer Identifier | |
| Kontrollfeld | RU-10907106 |
| 245 00 - Titel | |
| Titel | Vneočerednoj tretij s'ezd narodnych deputatov SSSR |
| Zählung des Teils/der Abteilung eines Werkes | Band 1 |
| 264 ## - Produktion, Veröffentlichung, Distribution, Herstellung und Urheberrechtsvermerk | |
| Herstellungs-, Veröffentlichungs- Vertriebs-, Erzeugungsort | Moskva : |
| Produzent, Herausgeber, Distributor, Hersteller | Izd. Verchovnogo Soveta SSSR, |
| Datum der Herstellung, der Veröffentlichung, des Vertriebs oder des Urheberschutzvermerks | 1990 |
| 246 12 - Titelvarianten | |
| Hauptsachtitel/Kurztitel | Vneočerednoj tretij s'ezd narodnych deputatov SSSR : 12-15 marta 1990 g. ; Stenografičeskij otčet |
| Zählung des Teils/der Abteilung eines Werkes | Band 1 |
| 300 ## - Physische Beschreibung | |
| Umfang | 421 S. |
| 773 08 - Übergeordnete Einheit | |
| Datensatzkontrollnummer | a987661531 |
| Zählung und erste Seite | Band1 |
| 942 ## - Zusätzliche Felder (Koha) | |
| Koha-Medientyp | Monographien |
| Ausgeschieden | Verloren | Klassifikation oder Aufstellungssystematik | Beschädigt | Nicht entleihbar | Heimatbibliothek | Aufenthaltsbibliothek | Aufstellungsort | Erwerbungsdatum | Inventarnummer | Signatur | Barcode | Letzte Aktivität | Preis gültig von | Koha-Medientyp |
|---|---|---|---|---|---|---|---|---|---|---|---|---|---|---|
| Andere/Generische Klassifikation | MWN Osteuropa | MWN Osteuropa | Magazin - 2 | 07/07/2017 | 08-03479 | R 65 ee SND 3 (1) | E0040150790F02D6 | 22/03/2021 | 22/03/2021 | Monographien |